000 00403nam a2200169Ia 4500
001 25137
003 IN-NITTTR
005 20251114233320.0
008 251113s9999||||xx |||||||||||||| ||eng||
040 _beng
040 _cIN-NITTTR
041 _aeng
082 _a621.382 C83D
100 _aCouch, Leon W.
245 0 _aDigital and analog communication systems /
_cCouch, Leon W.
942 _2ddc
_cBK
999 _c27766
_d27766